000 00461cam a22001337a 4500
008 180718b1982 xxu||||| |||| 00| 0 eng d
082 _aB124x54 M295s
245 _aSouth Asian intellectuals and social change: a study of the role of vernacular-speaking intelligentisia
_cedited by Yogendra K. Malik
260 _aNew Delhi
_bHeritage
_c1982
300 _a352p.
650 _aSocial change
650 _aIntellectuals - Asia, South
700 _aMalik, Yogendra K.
999 _c348695
_d348695